000 00482nam a2200157Ia 4500
008 150121s9999 xx 000 0 und d
020 _a2094-7895
245 _aCollege of Arts and Sciences Research Journal /
_h[electronic resource]
260 _bArellano University,
_c2006.
516 _aElectronic text
650 _aArts and Sciences.
650 _aEducation.
830 _aPhilippine E-Journals
856 _uhttp://www.ejournals.ph/index.php?journal=CASRJ
942 _cEJ
999 _c277000
_d277000